[Event "Pamplona San Juan 4th"]
[Site "Pamplona"]
[Date "2010.07.28"]
[Round "5"]
[White "Wojtaszek, Radoslaw"]
[Black "Morozevich, Alexander"]
[Result "1-0"]
[WhiteElo "2663"]
[BlackElo "2715"]
[PlyCount "127"]
[EventDate "2010.07.24"]
[EventType "tourn"]
[EventRounds "9"]
[EventCountry "ESP"]
[EventCategory "16"]
[SourceTitle "CBM 138"]
[Source "ChessBase"]
[SourceDate "2010.09.17"]
[SourceVersion "1"]
[SourceVersionDate "2010.09.17"]
[SourceQuality "1"]

1. d4 d5 2. c4 e6 3. Nc3 a6 4. cxd5 exd5 5. Bf4 c6 6. e3 Bd6 7. Bxd6 Qxd6 8. Bd3 Ne7 9. Qc2 Bg4 ({RR} 9... g6 10. f3 O-O 11. Nge2 Nf5 12. Qd2 Re8 13. O-O-O {1-0 (13) Grischuk,A (2771)-Ponomariov,R (2744) Moscow 2010}) 10. Nge2 Bxe2 ({RR} 10... Nd7 11. Ng3 h5 12. h3 Be6 13. Nge2 g6 14. O-O-O O-O-O 15. Kb1 Kb8 16. Na4 Bf5 17. Nc1 Qb4 18. a3 Qa5 19. b4 Qc7 20. Nb3 b6 21. Ka2 Ka7 22. Nb2 Qd6 23. Rc1 Rc8 24. Qe2 Bxd3 25. Nxd3 {Ahmad,A (2155)-Khalafvand,D (2007) Muscat OMA 2026 ½-½ (45)}) 11. Bxe2 $146 ({RR} 11. Nxe2 Nd7 12. O-O g6 13. b4 O-O 14. Qc3 b6 15. Rab1 Rfc8 16. Qd2 Rc7 17. a4 a5 18. bxa5 Rxa5 19. Rxb6 Rxa4 20. Rb2 Rca7 21. Nc3 Rb4 22. Rxb4 Qxb4 23. Rb1 {½-½ (23) Kanarek,M (2473)-Grabarczyk,M (2470) Krakow 2014}) ({RR} 11. Qxe2 Nd7 12. O-O f5 13. Qh5+ g6 14. Qh6 Nf6 15. f3 O-O-O 16. Qh4 Rdg8 17. Qe1 g5 18. b4 g4 19. f4 Kd7 20. Na4 Rb8 21. Nc5+ Ke8 22. a4 Kf7 23. b5 axb5 24. axb5 Nd7 25. Qc3 Nxc5 {Gurevich,M (2634)-Luther,T (2543) Deizisau 2005 1-0 (100)}) 11... Nd7 12. O-O-O O-O 13. Bd3 Kh8 14. Kb1 Rac8 15. h4 b5 16. h5 h6 17. Ne2 a5 18. Ng3 Nb6 19. Qc5 Qxc5 20. dxc5 Nd7 21. Rc1 Ne5 22. Be2 f5 23. Rh4 Rf6 24. a4 b4 25. f4 Nd7 26. Bd3 Rg8 27. Ne2 g5 28. hxg6 Rgxg6 29. g3 Nf8 30. Kc2 Ne6 31. Kd2 Rg8 32. Rh5 Kg7 33. Ke1 Kg6 34. Rh4 Rd8 35. Kd2 d4 36. e4 fxe4 37. Bxe4+ Kg7 38. Rh5 d3 39. Bxd3 Rf5 40. Rxf5 Nxf5 41. g4 Nh4 42. f5 Ng5 43. Nf4 Nhf3+ 44. Ke3 Ne5 45. Be2 Kf6 46. Nh5+ Ke7 47. b3 Ngf7 48. Rd1 Nd7 49. Bc4 Nfe5 50. Rd4 Nxc4+ 51. Rxc4 Kf7 52. Kf4 Nf8 53. Ke3 Re8+ 54. Re4 Rxe4+ 55. Kxe4 Nd7 56. Kd4 Ke7 57. Nf4 Kf7 58. Ne6 Ke7 59. g5 hxg5 60. Nxg5 Kf6 61. Ne4+ Kxf5 62. Nd6+ Ke6 63. Nc4 Nf6 64. Ne5 1-0

[Event "Dubai op 13th"]
[Site "Dubai"]
[Date "2011.04.16"]
[Round "7"]
[White "Kazhgaleyev, Murtas"]
[Black "Negi, Parimarjan"]
[Result "1/2-1/2"]
[WhiteElo "2618"]
[BlackElo "2618"]
[PlyCount "83"]
[EventDate "2011.04.10"]
[EventType "swiss"]
[EventRounds "9"]
[EventCountry "UAE"]
[SourceTitle "CBM 141 Extra"]
[Source "ChessBase"]
[SourceDate "2011.05.03"]
[SourceVersion "1"]
[SourceVersionDate "2011.05.03"]
[SourceQuality "1"]

1. d4 d5 2. c4 e6 3. Nc3 c6 4. cxd5 exd5 5. Qc2 g6 6. Bf4 Bd6 ({RR} 6... Nf6 7. e3 Bf5 8. Qd2 Nbd7 9. h3 Bb4 10. f3 O-O 11. a3 Be7 12. g4 Be6 13. Bd3 c5 14. Nge2 Re8 15. Kf2 Bf8 16. Rad1 Bg7 17. Kg2 Rc8 18. Nb5 c4 19. Bb1 Rc6 20. Nxa7 Rb6 21. Nc3 {Iordachescu,V (2634)-Pourramezanali,A (2461) Al Ain 2014 1-0 (51)}) 7. Bxd6 ({RR} 7. Bg3 Bf5 8. Qb3 Bxg3 9. hxg3 Qb6 10. e3 Nd7 11. Nf3 Qxb3 12. axb3 a6 13. b4 Rc8 14. Na4 Ngf6 15. Nd2 Kd8 16. Be2 Kc7 17. Rc1 h5 18. f3 Rce8 19. Kf2 Nb6 20. Nxb6 Kxb6 21. Nb3 Bc8 {Kashefi,A (2188)-Tristan,L (2527) chess.com INT 2024 1-0 (116)}) 7... Qxd6 8. e3 Ne7 $146 ({RR} 8... Bf5 9. Bd3 Bxd3 10. Qxd3 Nf6 11. Nf3 Nbd7 12. O-O O-O 13. Rab1 a5 14. Rfc1 Rfe8 15. Na4 Ne4 16. Qc2 Qe7 17. Nd2 Nxd2 18. Qxd2 Qb4 19. Qc2 Rec8 20. Nc5 Nxc5 21. Qxc5 Qxc5 22. Rxc5 Ra6 23. Rbc1 {Sidabras,J (1618)-Zuj Zaikovskis,N (1782) Palanga 2012 ½-½ (45)}) ({RR} 8... Bf5 9. Bd3 Bxd3 10. Qxd3 f5 11. Nge2 Nf6 12. f3 Nbd7 13. O-O O-O-O 14. b4 Qxb4 15. Rfc1 Qc4 16. Qd2 Qa6 17. Nf4 Kb8 18. Rab1 Rhe8 19. Nd3 Ka8 20. Rb4 b6 21. Na4 Rc8 22. Nc3 g5 23. Rb2 {Schnur,G (2124)-Trescher,M (2260) Bad Wiessee 2000 ½-½ (41)}) 9. Nge2 Nd7 10. Ng3 Nf6 11. Bd3 h5 12. f3 Be6 13. O-O O-O 14. Qf2 c5 15. Nb5 Qb6 16. Rac1 cxd4 17. Nxd4 Bd7 18. b3 Nc6 19. Nge2 Rfe8 20. Bb1 Re7 21. Rc3 Rae8 22. Rfc1 a6 23. h3 Na7 24. Kh1 Bb5 25. Ng3 Bd7 26. a4 Nc6 27. Nge2 Nb4 28. Qg3 Kh8 29. Qf4 Nh7 30. Kg1 Nc6 31. h4 Kg8 32. Rd1 Nf8 33. Kf2 Re5 34. Rdc1 Qd8 35. Rd1 Qa5 36. Rdc1 R5e7 37. Qf6 Nxd4 38. Qxd4 Ne6 39. Qf6 Ng7 40. Qd4 Ne6 41. Qf6 Ng7 42. Qd4 1/2-1/2

[Event "RUS-chT 17th"]
[Site "Dagomys"]
[Date "2010.04.02"]
[Round "2"]
[White "Eljanov, Pavel"]
[Black "Motylev, Alexander"]
[Result "0-1"]
[WhiteElo "2736"]
[BlackElo "2705"]
[PlyCount "84"]
[EventDate "2010.04.01"]
[EventType "team-tourn"]
[EventRounds "9"]
[EventCountry "RUS"]
[SourceTitle "EXT 2020"]
[Source "ChessBase"]
[SourceDate "2019.10.17"]
[SourceVersion "1"]
[SourceVersionDate "2019.10.17"]
[SourceQuality "1"]
[WhiteTeam "Saratov Ekonomist SGSEU"]
[BlackTeam "Tomsk 400"]
[WhiteTeamCountry "RUS"]
[BlackTeamCountry "RUS"]

1. d4 d5 2. c4 c6 3. Nc3 Nf6 4. e3 e6 5. b3 Bb4 6. Bb2 O-O 7. a3 Bd6 8. Nf3 Nbd7 9. Be2 b6 10. O-O Bb7 11. b4 $146 ({RR} 11. Qc2 Qe7 12. e4 dxe4 13. Nxe4 Nxe4 14. Qxe4 Nf6 15. Qh4 h6 16. Rfe1 Nh7 17. Qxe7 Bxe7 18. Ne5 Rfd8 19. Bh5 g6 20. Bf3 Rac8 21. g3 Bf6 22. Rad1 Ba8 23. Bg2 Nf8 24. f4 Nd7 25. Ba1 Nxe5 {Matviyishen,V (2154)-Gadimbayli,A (2072) Al Ain 2013 ½-½ (67)}) 11... Qe7 12. Qc2 dxc4 13. Bxc4 c5 14. dxc5 bxc5 15. b5 Ng4 16. Rfd1 Nde5 17. Nxe5 Nxe5 18. Be2 f5 19. f4 Ng6 20. Bc4 Rad8 21. Rd2 Kh8 22. Rad1 e5 23. Bd5 exf4 24. Bxb7 fxe3 25. Rd5 Nf4 26. Ne2 Nxd5 27. Bxd5 Bxh2+ 28. Kxh2 Qh4+ 29. Kg1 Qf2+ 30. Kh2 Qh4+ 31. Kg1 Qf2+ 32. Kh2 Rd6 33. Bxg7+ Kxg7 34. Qc3+ Rff6 35. Rd3 Qh4+ 36. Kg1 Qf2+ 37. Kh2 f4 38. Qe5 Kf8 39. Be6 Rh6+ 40. Bh3 Rxh3+ 41. Kxh3 Rh6+ 42. Kg4 Qxe2+ 0-1

[Event "Olympiad-39"]
[Site "Khanty-Mansiysk"]
[Date "2010.09.29"]
[Round "8.4"]
[White "Li, Chao B"]
[Black "Shulman, Yuri"]
[Result "0-1"]
[WhiteElo "2633"]
[BlackElo "2636"]
[PlyCount "98"]
[EventDate "2010.09.21"]
[EventType "team-swiss"]
[EventRounds "11"]
[EventCountry "RUS"]
[SourceTitle "CBM 139"]
[Source "ChessBase"]
[SourceDate "2010.11.18"]
[SourceVersion "1"]
[SourceVersionDate "2010.11.18"]
[SourceQuality "1"]
[WhiteTeam "China"]
[BlackTeam "US of America"]
[WhiteTeamCountry "CHN"]
[BlackTeamCountry "USA"]

1. d4 d5 2. c4 e6 3. Nc3 c6 4. e4 dxe4 5. Nxe4 Bb4+ 6. Bd2 Qxd4 7. Bxb4 Qxe4+ 8. Be2 Na6 9. Ba5 Bd7 10. Nf3 Nf6 11. Qd6 Qf5 12. Ne5 Qxf2+ 13. Kxf2 Ne4+ 14. Kf3 Nxd6 15. Rhd1 Ke7 16. Rd2 Be8 17. Rad1 Nf5 18. Rd8 Rxd8 19. Bxd8+ Kf8 20. g4 Nh6 21. Nd7+ Kg8 22. Kf4 $146 ({RR} 22. Ke3 f5 23. h3 Nf7 24. Be7 Nc7 25. gxf5 exf5 26. Nf6+ gxf6 27. Rg1+ Ng5 28. Bxf6 h6 29. h4 Rh7 30. hxg5 hxg5 31. Rxg5+ Kf7 32. Rxf5 Bd7 33. Rf2 Be6 34. Bd4+ Ke8 35. Bxa7 b5 36. Bb6 bxc4 {Hand,F (2140)-Spencer,D (2003) England 2018 1-0 (65)}) 22... f5 23. g5 Nf7 24. Be7 g6 25. Nf6+ ({RR} 25. h4 h6 26. gxh6 Nxh6 27. Bf6 Rh7 28. Ne5 Nf7 29. Nxg6 Nc5 30. Ne7+ Kf8 31. Ng6+ Kg8 32. b4 Ne4 33. Bb2 Nf2 34. Rd2 Ne4 35. Rd1 Nf2 36. Rd2 Ne4 37. Ne7+ Kf8 38. Ng6+ Kg8 39. Rd1 Nf2 {Baron,T (2505)-Flom,G (2452) Bastia 2011 ½-½ (42)}) 25... Kg7 26. Nxe8+ Rxe8 27. Rd7 e5+ 28. Kf3 Rc8 29. Rxb7 Rc7 30. Rxc7 Nxc7 31. h4 h6 32. Bf6+ Kh7 33. c5 Nd5 34. Bc4 e4+ 35. Ke2 Nxf6 36. Bxf7 hxg5 37. hxg5 Kg7 38. Be6 Nh7 39. b4 Nxg5 40. Bd7 Nf3 41. Ke3 Ne5 42. Bc8 Kf6 43. a4 Nd3 44. b5 Nxc5 45. bxc6 Nxa4 46. c7 Nb6 47. Bb7 Ke5 48. c8=Q Nxc8 49. Bxc8 a5 0-1

[Event "USA tt"]
[Site "ICC INT"]
[Date "2010.10.25"]
[Round "10"]
[White "Akobian, Varuzhan"]
[Black "Shulman, Yuri"]
[Result "1-0"]
[WhiteElo "2619"]
[BlackElo "2636"]
[PlyCount "93"]
[EventDate "2010.08.23"]
[EventType "team"]
[EventRounds "10"]
[EventCountry "USA"]
[SourceTitle "CBM 138 Extra"]
[Source "ChessBase"]
[SourceDate "2010.10.29"]
[SourceVersion "1"]
[SourceVersionDate "2010.10.29"]
[SourceQuality "1"]

1. d4 d5 2. c4 e6 3. Nc3 c6 4. e4 dxe4 5. Nxe4 Bb4+ 6. Bd2 Qxd4 7. Bxb4 Qxe4+ 8. Be2 Na6 9. Ba5 f6 10. Nf3 b6 11. Nd2 Qf4 12. Bh5+ g6 13. Bf3 Ne7 14. Bc3 O-O 15. O-O Qc7 16. Ne4 e5 17. Re1 Qd7 18. Qe2 Qe6 19. Rad1 Nf5 20. b4 Nc7 21. Nxf6+ Qxf6 $146 ({RR} 21... Rxf6 22. Bxe5 Rf7 23. Rd8+ Ne8 24. Bb2 Qxe2 25. Rxe2 Nfd6 26. Bxc6 Bb7 27. Rdxe8+ Nxe8 28. Bxe8 Rc7 29. Ba4 Kf7 30. Be5 Re7 31. f4 Rd8 32. Kf2 Bc8 33. c5 Bg4 34. Rb2 Bd1 35. Bb5 Bg4 36. h3 {Kashlinskaya,A (2423)-Ubiennykh,E (2285) Khanty-Mansiysk 2014 1-0 (71)}) 22. Bxe5 Qf7 23. Bxc6 Rb8 24. Qd2 Ng7 25. Bd5 Nxd5 26. Bxb8 Nf6 27. Bd6 Rd8 28. Qc3 Nf5 29. Be5 Nd7 30. c5 bxc5 31. bxc5 Rf8 32. c6 Nxe5 33. Qxe5 Qxa2 34. c7 Ng7 35. Re2 Qe6 36. Rd8 Qxe5 37. Rxe5 Ne6 38. Red5 Bb7 39. Rxf8+ Kxf8 40. Rd8+ Ke7 41. c8=Q Nxd8 42. Qc7+ Ke8 43. Qxh7 g5 44. Qg8+ Kd7 45. Qxg5 Ne6 46. Qe3 a6 47. h4 1-0

[Event "Moscow Aeroflot op-A 9th"]
[Site "Moscow"]
[Date "2010.02.11"]
[Round "3"]
[White "Shabalov, Alexander"]
[Black "Volokitin, Andrei"]
[Result "0-1"]
[WhiteElo "2611"]
[BlackElo "2692"]
[PlyCount "78"]
[EventDate "2010.02.09"]
[EventType "swiss"]
[EventRounds "9"]
[EventCountry "RUS"]
[SourceTitle "CBM 135"]
[Source "ChessBase"]
[SourceDate "2010.03.17"]
[SourceVersion "1"]
[SourceVersionDate "2010.03.17"]
[SourceQuality "1"]

1. d4 d5 2. c4 c6 3. Nf3 Nf6 4. Nc3 dxc4 5. a4 e6 6. e4 Bb4 7. e5 Nd5 8. Bd2 b5 9. axb5 Bxc3 10. bxc3 cxb5 11. Ng5 Nc6 12. Qh5 Qe7 13. Be2 ({RR} 13. h4 g6 14. Qf3 h5 15. Ne4 O-O 16. Bg5 Qd7 17. Nf6+ Nxf6 18. Bxf6 Bb7 19. Qf4 Ne7 20. Qh6 {1-0 (20) Sarkar,J (2377)-Baskin,R (2390) Chess.com INT 2020}) 13... b4 14. O-O bxc3 15. Be3 Ncb4 $146 ({RR} 15... h6 16. Ne4 O-O 17. Bxc4 Ncb4 18. Bg5 f6 19. exf6 Qf7 20. Qxf7+ Rxf7 21. Bc1 Nxf6 22. Nxf6+ Rxf6 23. Ra3 Nd5 24. Bxd5 exd5 25. Rxc3 Ba6 26. Re1 {½-½ (26) Beliavsky,A (2641)-Khalifman,A (2628) Bazna 2008}) ({RR} 15... Bb7 16. Bg4 Ncb4 17. Nxe6 g6 18. Ng7+ Kf8 19. Qh6 Kg8 20. Bg5 Qf8 21. Bf6 Nxf6 22. exf6 Nd5 23. Bf3 Nxf6 24. Bxb7 Rd8 25. Ra6 Qxg7 26. Qg5 Rd7 27. Bf3 Ne8 28. Bc6 Rd6 29. Qe7 Qf8 30. Qxa7 {Anand,V (2780)-Karjakin,S (2778) Sao Paulo/Bilbao 2012 ½-½ (45)}) 16. Ne4 O-O 17. Bg5 f6 18. exf6 Nxf6 19. Bxc4 Qf7 20. Qxf7+ Rxf7 21. Nxf6+ gxf6 22. Bf4 a5 23. Rfc1 c2 24. Bd6 Rb7 25. Kf1 Bd7 26. Ke2 Rc8 27. Bc5 Bb5 28. Bxb5 Rxb5 29. Kd2 Na6 30. Ba3 Rd5 31. Rxc2 Rxd4+ 32. Kc1 Rxc2+ 33. Kxc2 Kf7 34. Bb2 Nb4+ 35. Kc3 Rd3+ 36. Kc4 Rd2 37. Bc1 Rxf2 38. Rxa5 Nc6 39. Rc5 Rc2+ 0-1

[Event "RUS-ch 65th"]
[Site "Moscow"]
[Date "2012.08.12"]
[Round "9"]
[White "Vitiugov, Nikita"]
[Black "Jakovenko, Dmitrij"]
[Result "1/2-1/2"]
[WhiteElo "2705"]
[BlackElo "2722"]
[PlyCount "59"]
[EventDate "2012.08.03"]
[EventType "tourn"]
[EventRounds "9"]
[EventCountry "RUS"]
[EventCategory "18"]
[SourceTitle "CBM 150"]
[Source "ChessBase"]
[SourceDate "2012.09.14"]
[SourceVersion "1"]
[SourceVersionDate "2012.09.14"]
[SourceQuality "1"]

1. d4 d5 2. c4 c6 3. Nf3 Nf6 4. Nc3 dxc4 5. a4 e6 6. e4 Bb4 7. e5 Nd5 8. Bd2 b5 9. axb5 Bxc3 10. bxc3 cxb5 11. Ng5 Nc6 12. Qh5 Qe7 13. Be2 b4 14. O-O bxc3 15. Bc1 Nxd4 16. Bxc4 h6 17. Ne4 O-O 18. Ba3 $146 ({RR} 18. Bg5 f6 19. exf6 Qf7 20. Qd1 hxg5 21. Qxd4 gxf6 22. Rfe1 Bd7 23. Nd6 Qh7 24. Bxd5 exd5 25. Qxd5+ Kh8 26. Qc5 c2 27. Rec1 a5 28. Rxc2 Ra6 29. Rcc1 Rc6 30. Qa3 Rxc1+ 31. Rxc1 Qe7 32. h4 gxh4 {Maletin,P (2572)-Rublevsky,S (2681) Khanty-Mansiysk 2016 1-0 (46)}) 18... Qc7 19. Bxf8 Nf4 20. Qg4 Kxf8 21. Nd6 g5 22. g3 Bb7 23. Nxb7 h5 24. Qd1 Qxb7 25. gxf4 Nf3+ 26. Kh1 Nd2+ 27. Kg1 Nf3+ 28. Kh1 Nd2+ 29. Kg1 Nf3+ 30. Kh1 1/2-1/2

[Event "EU-chT (Men) 18th"]
[Site "Porto Carras"]
[Date "2011.11.10"]
[Round "8.3"]
[White "Morozevich, Alexander"]
[Black "Fressinet, Laurent"]
[Result "1/2-1/2"]
[WhiteElo "2762"]
[BlackElo "2700"]
[PlyCount "43"]
[EventDate "2011.11.03"]
[EventType "team-swiss"]
[EventRounds "9"]
[EventCountry "GRE"]
[SourceTitle "CBM 146"]
[Source "ChessBase"]
[SourceDate "2012.01.18"]
[SourceVersion "1"]
[SourceVersionDate "2012.01.18"]
[SourceQuality "1"]
[WhiteTeam "Russia"]
[BlackTeam "France"]
[WhiteTeamCountry "RUS"]
[BlackTeamCountry "FRA"]

1. d4 d5 2. c4 e6 3. Nc3 Bb4 4. Qa4+ Nc6 5. a3 ({RR} 5. e3 Bd7 6. Qc2 Nf6 7. Bd2 O-O 8. a3 Bxc3 9. Bxc3 Ne4 10. Ne2 Ne7 11. Ng3 Nxc3 12. Qxc3 c6 13. Be2 f5 14. f4 Nc8 15. c5 a5 16. b4 b5 17. a4 axb4 18. Qxb4 Qa5 19. Qxa5 Rxa5 {Duda,J (2731)-Kravtsiv,M (2598) Chess.com INT 2022 1-0 (45)}) 5... Bxc3+ 6. bxc3 Nf6 7. cxd5 $146 ({RR} 7. Bg5 h6 8. Bxf6 Qxf6 9. Nf3 dxc4 10. e3 O-O 11. Bxc4 e5 12. O-O Bg4 13. Bd5 Bd7 14. Qb3 exd4 15. cxd4 Rab8 16. Rac1 Rfc8 17. Rc3 Na5 18. Qc2 c6 19. Ne5 Bf5 20. Be4 Bxe4 21. Qxe4 Qe6 {Makogonov,V-Ragozin,V Tbilisi 1937 ½-½ (49)}) ({RR} 7. Bg5 h6 8. Bxf6 Qxf6 9. e3 O-O 10. Nf3 a6 11. Be2 Bd7 12. Qc2 dxc4 13. Bxc4 e5 14. O-O Rad8 15. Qe4 Rde8 16. Qh4 Qd6 17. Rfd1 e4 18. Ne5 Nxe5 19. dxe5 Qxe5 20. Rac1 Bc6 21. Bb3 Qb5 {Savva,P (1973)-Krejci,J (2556) Budapest HUN 2024 0-1}) ({RR} 7. Bg5 O-O 8. e3 Bd7 9. cxd5 exd5 10. Qc2 Qe7 11. Bd3 h6 12. Bf4 Rac8 13. Nf3 Na5 14. Ne5 Be6 15. Qa4 b6 16. Ba6 Rcd8 17. Be2 c5 18. O-O Ne4 19. Rac1 Rc8 20. Ba6 Ra8 21. Rfd1 c4 {Makogonov,M-Shamaev,L Kiev 1938 0-1 (59)}) 7... exd5 8. Bf4 O-O 9. e3 Ne7 10. Nf3 Ne4 11. Qc2 Ng6 12. Bg3 Bf5 13. Bd3 c5 14. Nd2 cxd4 15. Bxe4 Bxe4 16. Nxe4 dxe4 17. cxd4 Qa5+ 18. Qd2 Qa6 19. Qe2 Qa5+ 20. Qd2 Qa6 21. Qe2 Qa5+ 22. Qd2 1/2-1/2

[Event "SRB-chT"]
[Site "Valjevo"]
[Date "2012.09.17"]
[Round "1.3"]
[White "Markus, Robert"]
[Black "Perunovic, Milos"]
[Result "1-0"]
[WhiteElo "2605"]
[BlackElo "2614"]
[PlyCount "69"]
[EventDate "2012.09.17"]
[EventType "team-tourn"]
[EventRounds "11"]
[EventCountry "SRB"]
[SourceTitle "CBM 150 Extra"]
[Source "ChessBase"]
[SourceDate "2012.10.19"]
[SourceVersion "1"]
[SourceVersionDate "2012.10.19"]
[SourceQuality "1"]
[WhiteTeam "Novi Sad DDOR"]
[BlackTeam "Kragujevac Vodovod"]
[WhiteTeamCountry "SRB"]
[BlackTeamCountry "SRB"]

1. d4 d5 2. c4 e6 3. Nc3 c6 4. cxd5 exd5 5. Bf4 Bf5 6. e3 Nf6 7. Nge2 Qb6 8. Qd2 Ne4 9. Nxe4 Bxe4 10. a3 ({RR} 10. Nc3 Bg6 11. h4 Nd7 12. h5 Bf5 13. f3 h6 14. g4 Bh7 15. Bd3 Bxd3 16. Qxd3 Be7 17. O-O-O Qd8 18. Kb1 O-O 19. Ne2 Re8 20. Ng3 Nf8 21. Nf5 Ne6 22. Rdg1 Bf6 23. g5 hxg5 24. Be5 c5 {Theodorou,N (2613)-Madaminov,M (2536) Tashkent UZB 2025 1-0 (33)}) 10... Nd7 11. Nc3 $146 ({RR} 11. Ng3 Bg6 12. h4 h6 13. h5 Bh7 14. Bd3 Bxd3 15. Qxd3 Qa5+ 16. Ke2 a6 17. f3 Qb5 18. Qxb5 axb5 19. Nf5 Nb6 20. b3 Kd7 21. Kf2 Rh7 22. Rh3 Rxa3 23. Rxa3 Bxa3 24. Rg3 Bf8 25. Be5 f6 {Machelett,H (2240)-Kilian,R Germany 1994 1-0 (80)}) ({RR} 11. Ng3 Bg6 12. Bd3 Be7 13. Nf5 Bxf5 14. Bxf5 Nf6 15. Be5 O-O 16. h4 Ne4 17. Qc2 Qa5+ 18. Kd1 c5 19. f3 Nf6 20. dxc5 Qxc5 21. Qxc5 Bxc5 22. Bxf6 gxf6 23. Kd2 Rae8 24. Rhe1 Re5 25. g4 Rfe8 {Zimmermann,K (2257)-Leuranguer,Y (2203) Germany 2004 ½-½ (58)}) 11... Nf6 12. Bg5 Be7 13. Bxf6 Bxf6 14. Nxe4 dxe4 15. Bc4 O-O 16. b4 a5 17. O-O Be7 18. Qc2 axb4 19. axb4 Bxb4 20. Rxa8 Rxa8 21. Qb3 Qa5 22. Rb1 b5 23. Bxf7+ Kh8 24. Qd1 Rf8 25. Bb3 Bc3 26. Qe2 b4 27. Qg4 Re8 28. Bf7 Rf8 29. Qxe4 b3 30. Bxb3 Be1 31. f4 Qd2 32. Qf3 Qc3 33. Bd1 g5 34. Qe4 c5 35. Bc2 1-0

[Event "Olympiad-40"]
[Site "Istanbul"]
[Date "2012.08.31"]
[Round "4.4"]
[White "Li, Chao B"]
[Black "Jakovenko, Dmitrij"]
[Result "0-1"]
[WhiteElo "2665"]
[BlackElo "2722"]
[PlyCount "122"]
[EventDate "2012.08.28"]
[EventType "team-swiss"]
[EventRounds "11"]
[EventCountry "TUR"]
[SourceTitle "CBM 151"]
[Source "ChessBase"]
[SourceDate "2012.11.13"]
[SourceVersion "1"]
[SourceVersionDate "2012.11.13"]
[SourceQuality "1"]
[WhiteTeam "China"]
[BlackTeam "Russia"]
[WhiteTeamCountry "CHN"]
[BlackTeamCountry "RUS"]

1. d4 d5 2. c4 c6 3. Nf3 Nf6 4. Nc3 dxc4 5. a4 e6 6. e4 Bb4 7. Qc2 b5 8. Be2 Bb7 9. O-O a6 10. b3 cxb3 11. Qxb3 Be7 12. Ba3 $146 ({RR} 12. Rd1 O-O 13. e5 Nd5 14. Nxd5 Qxd5 15. Qc2 c5 16. Bg5 Nc6 17. Bxe7 Nxe7 18. dxc5 Qc6 19. Rd6 Qc7 20. c6 Rac8 21. axb5 axb5 22. Nd4 Ba8 23. Nxb5 Qb6 24. c7 Qb7 25. f3 Nd5 26. Ra7 Qxa7+ {Huang,R (2515)-Shen,F (2321) Xinghua CHN 2026 1-0 (51)}) ({RR} 12. Bd3 O-O 13. e5 Nd5 14. Nxd5 cxd5 15. axb5 axb5 16. Rxa8 Bxa8 17. Qxb5 Nc6 18. Qa4 Nb4 19. Be2 Bc6 20. Qb3 Bd7 21. Bd2 Qb8 22. h4 Nc6 23. Qe3 f5 24. exf6 Bxf6 25. Bc3 Re8 26. Qd2 Qd6 {Fedoseev,V (2674)-Harsha,B (2608) Ciutadella de Menorca ESP 2023 1-0 (46)}) 12... O-O 13. e5 Bxa3 14. Qxa3 Nd5 15. Ne4 b4 16. Qc1 a5 17. Nd6 Nc3 18. Re1 Ba6 19. Bd1 Bd3 20. Qe3 Bg6 21. Bb3 Nd7 22. Ng5 h6 23. Nh3 Nb6 24. f4 Nbd5 25. Qf2 Bf5 26. Kh1 Qe7 27. Ng1 Rfd8 28. Qf3 Rxd6 29. exd6 Qxd6 30. g4 Bh7 31. f5 Qf4 32. Re5 Qxf3+ 33. Nxf3 Kf8 34. Nh4 Ke7 35. Rae1 Kd6 36. Nf3 Nf4 37. Bc2 Bg8 38. Nd2 Nfd5 39. Nc4+ Kc7 40. fxe6 f6 41. Rf5 Re8 42. Rff1 Rxe6 43. Nxa5 Ne2 44. Bf5 Re7 45. Bd3 Nxd4 46. Rxe7+ Nxe7 47. Bc4 Kb6 48. Bxg8 Kxa5 49. Bf7 Kxa4 50. Re1 Nd5 51. Rd1 Nb5 52. Be8 b3 53. Bxc6 Ndc3 54. Rd2 Ka3 55. Bd7 Ne4 56. Rd5 Nbd6 57. Ra5+ Kb4 58. Ra8 b2 59. Rb8+ Kc3 60. Be6 Kc2 61. Bb3+ Kc1 0-1

[Event "Saint Louis m1"]
[Site "Saint Louis"]
[Date "2011.05.22"]
[Round "6"]
[White "Nakamura, Hikaru"]
[Black "Ponomariov, Ruslan"]
[Result "1-0"]
[WhiteElo "2774"]
[BlackElo "2754"]
[PlyCount "87"]
[EventDate "2011.05.16"]
[EventType "match"]
[EventRounds "6"]
[EventCountry "USA"]
[SourceTitle "CBM 143"]
[Source "ChessBase"]
[SourceDate "2011.07.15"]
[SourceVersion "1"]
[SourceVersionDate "2011.07.15"]
[SourceQuality "1"]

1. d4 d5 2. c4 e6 3. Nc3 Be7 4. cxd5 exd5 5. Bf4 c6 6. Qc2 Bd6 7. Bxd6 Qxd6 8. e3 Qg6 9. Qxg6 hxg6 10. b4 ({RR} 10. Bd3 Bf5 11. Bxf5 gxf5 12. Nf3 Nd7 13. Ke2 Ngf6 14. b4 Ne4 15. Rac1 O-O 16. Nd2 Ndf6 17. Ndxe4 Nxe4 18. Nxe4 fxe4 19. Rc5 a6 20. Rhc1 f5 21. g3 g5 22. a4 f4 23. gxf4 gxf4 24. Rg1+ Kf7 {Alexandri,V (1672)-Athanasiou,S (1606) Nikaia GRE 2023 1-0 (55)}) 10... a6 11. f3 Nd7 $146 ({RR} 11... Ne7 12. Bd3 Bf5 13. e4 dxe4 14. fxe4 Bg4 15. Kf2 Nd7 16. Kg3 Be6 17. Nf3 O-O-O 18. h3 f6 19. a4 Ne5 20. dxe5 Rxd3 21. Rac1 {½-½ (21) Sturua,Z (2509)-Nezad,H (2320) Abu Dhabi 2006}) ({RR} 11... Nf6 12. Nge2 Nbd7 13. Nf4 Nh5 14. Nxh5 gxh5 15. a4 Nf6 16. Bd3 Be6 17. Kf2 Kd7 18. b5 a5 19. Rab1 Rab8 20. Rhc1 Rhc8 21. Ne2 Kd6 22. bxc6 bxc6 {½-½ (22) Schiele,L (2089)-Popist,F (2018) Hamburg 2019}) 12. Bd3 Ne7 13. Nge2 g5 14. Kf2 Nf6 15. g4 Kd8 16. Kg3 Bd7 17. a4 Nc8 18. h3 Re8 19. Kf2 Nd6 20. a5 Re7 21. Rac1 Nfe8 22. Ng3 g6 23. h4 gxh4 24. Rxh4 f5 25. gxf5 Nxf5 26. Nxf5 gxf5 27. Rh8 Rb8 28. Na4 Kc7 29. Nb6 Be6 30. Rf8 Rf7 31. Rxf7+ Bxf7 32. Bxf5 Nd6 33. Bd3 Rh8 34. Rg1 Kd8 35. Na4 Nc4 36. Nc5 Rh2+ 37. Rg2 Rxg2+ 38. Kxg2 Kc7 39. Bxc4 dxc4 40. Na4 Be8 41. Nc3 b6 42. e4 Kb7 43. Kf2 c5 44. bxc5 1-0